=LDR 00000nam 2200000 4500 =001 INLIS000000000005146 =005 20130612093414 =008 ***********************************Ind** =035 ##$$0010-061300000005146 =041 ##$$a Ind =082 ##$$a 639.542 =090 ##$$a 639.542, Arf p =100 ##$$a AFRIANTO, Eddy =245 ##$$a Pemeliharaan kepiting, Eddy Afrianto =260 ##$$a 1995 $b Yogyakarta =300 ##$$a 74 hlm, ilus, 21 cm =650 ##$$a Kepiting =850 ##$$a NBPNMAT